Punjabi joke book / (Record no. 163724)

MARC details
000 -LEADER
fixed length control field 00541nam a2200181 4500
005 - DATE AND TIME OF LATEST TRANSACTION
control field 20190426163020.0
010 ## - LCCN (DPL NO)
LC control number ENG-125097
020 ## - INTERNATIONAL STANDARD BOOK NUMBER
International Standard Book Number 9789382244134
Terms of availability 100.00
035 ## - SYSTEM CONTROL NUMBER
System control number EN-108629
037 ## - SOURCE OF ACQUISITION
Source of stock number/acquisition DBAD/PUB
082 ## - DEWEY DECIMAL CLASSIFICATION NUMBER
Classification number 828.920
100 ## - MAIN ENTRY--PERSONAL NAME
Personal name Baldev Singh
245 ## - TITLE STATEMENT
Title Punjabi joke book /
Statement of responsibility, etc by Baldev Singh
260 ## - PUBLICATION, DISTRIBUTION, ETC. (IMPRINT)
Place of publication, distribution, etc Chandigarh
Name of publisher, distributor, etc R.S. Prakashan
Date of publication, distribution, etc 2013
270 ## - ADDRESS
Address Plot No.11, Industrial Area, Phase-11
City Chandigarh
Electronic mail address dr.baldevsingh@ymail.com
300 ## - PHYSICAL DESCRIPTION
Extent 110p.
Dimensions 22cm(pbk)
942 ## - ADDED ENTRY ELEMENTS (KOHA)
Source of classification or shelving scheme Dewey Decimal Classification
Item type English Books
Classification part 828.920
Call number suffix BAL
Holdings
Withdrawn status Lost status Not for loan Collection code Home library Current library Date acquired Source of acquisition Cost, normal purchase price Full call number Barcode Copy number Cost, replacement price Koha item type
    Not For Loan Non-fiction D.B.Act.Division Ashok Vihar 26/04/2019 DBAD/PUB 100.00 828.920 BAL EN-108629 1 100.00 English Books

© Delhi Public Library
Hit Counter
free hit counter